|
|
|
|
| LEADER |
01042nam a22002537a 4500 |
| 001 |
31279 |
| 003 |
BD-DhAAL |
| 005 |
20250623152352.0 |
| 008 |
181016t2015 bg a|||| |||| 00| 0 eng d |
| 040 |
|
|
|a BD-DhAAL
|d BD-DhAAL
|
| 082 |
|
|
|a 307.1412095492
|2 22
|
| 245 |
|
|
|a Urban adolescents needs assessment survey in Bangladesh /
|c BRAC Institute of Educational Development; BRAC University.
|
| 260 |
|
|
|a Dhaka ;
|b Popular council,
|c c2015.
|
| 300 |
|
|
|a vi, 92 pages ;
|b illustrations :
|c 28 cm.
|
| 504 |
|
|
|a Includes bibliographical references.
|
| 526 |
|
|
|a AAL
|
| 541 |
|
|
|a Complimentary copy
|e 31279
|
| 610 |
|
|
|a BRAC
|9 28408
|
| 650 |
|
|
|a Rural Development
|z Bangladesh.
|9 28409
|
| 710 |
|
|
|a BRAC Institute of Educational Development(BIED),
|b BRAC University(BRACU).
|9 28410
|
| 852 |
|
|
|a Ayesha Abed Library
|c General Stacks
|
| 942 |
|
|
|2 ddc
|c BK
|
| 999 |
|
|
|c 40131
|d 40131
|
| 952 |
|
|
|0 0
|1 0
|2 ddc
|4 0
|6 307_141209549200000_URB
|7 0
|9 64508
|a BRACUL
|b BRACUL
|c GEN
|d 2018-10-16
|e Complimentary copy
|l 0
|o 307.1412095492 URB
|p 3010031279
|r 2018-10-16
|t 1
|w 2018-10-16
|y BK
|